Album písní

Main Author: Friml, Rudolf, 1879-1972
Other Authors: Bold, Jan
Language: Czech
Published: Praha : Fr. A. Urbánek, [1910?]
Physical Description: 19 s.
Musical Score Musical Score
Saved in:
LEADER 00692ncm a22002292a 4500
001 001251972
003 CZ BrMZK
005 20120925114625.0
007 qu
008 120925s1910 xr |||||||||||||||||cze d
040 |a BOA001  |b cze 
072 7 |a 784  |x Vokální hudba  |2 Konspekt  |9 9 
100 1 |a Friml, Rudolf,  |d 1879-1972  |7 jn19981001253  |4 cmp 
245 1 0 |a Album písní  |h [hudebnina] /  |c Rudolf Friml 
260 |a Praha :  |b Fr. A. Urbánek,  |c [1910?] 
300 |a 19 s. 
500 |a Zpěv a klavír 
700 1 |a Bold, Jan  |4 arr 
910 |a BOA001  |b Mus4-0510.326 
990 |a MU 
991 |b 201209 
996 6 |b 2619079558  |c Mus4-0510.326  |l MZK  |r Sklad / do 1 hodiny  |n 1  |w 001286083  |u 000010  |a 1  |e BOA001  |j MZK50  |s P